• 首页
  • 本馆介绍
  • 公告通知
  • 最新文献
  • 馆藏检索
  • 电子资源
  • 读者导购
  • 参考咨询
  • 我的图书馆
  • 登录
  • 详细信息显示
  • 放入我的书架
  • 预约/预借图书
  • 作者相关作品
  • 分类相关作品
  • 丛书相关作品
  • 出版社相关作品

书目信息

  • 表格格式
  • 工作单格式
  • 卡片格式
题名:
化工原理
    
 
作者: 姚玉英 主编
分册: 下册  
出版信息: 天津   天津科学技术出版社  1992.11
页数: 363页
开本: 26cm
丛书名:
单 册:
中图分类: TQ02
科图分类: 81.1703
主题词: 化工过程--高等学校--教材
电子资源:
ISBN: 7-5308-1061-8
000 00818nam0 2200265 45
001 0193017974
005 20070724084538.78
010    @a7-5308-1061-8@dCNY9.40
100    @a19800101d1992 em y0chiy0121 ea
101 0  @achi
102    @aCN@b120000
105    @ay z 000yy
200 10 @a化工原理@AHUA GONG YUAN LI@h下册@f姚玉英主编@FYAO YU YING ZHU BIAN
210    @a天津@c天津科学技术出版社@d1992.11
215    @a363页@d26cm
300    @a高等学校教学用书
314    @a姚玉英,天津大学化工原理教研室任职
330    @a本册包括∶蒸馏、吸收、蒸馏和吸收塔设备、液-液萃取、干燥及固体流态化等6章。
540 1  @a化工@AHUA GONG
606    @a化工过程@x高等学校@x教材
690    @aTQ02@v三版
692    @a81.1703
701  0 @a姚玉英@AYAO YU YING@4主编
801  0 @aCN@bTSSF@c20070724
905    @a10447@dTQ02@e164:2
    
    化工原理.下册/姚玉英主编.-天津:天津科学技术出版社,1992.11
    363页;26cm
    高等学校教学用书
    
    ISBN 7-5308-1061-8:CNY9.40
    本册包括∶蒸馏、吸收、蒸馏和吸收塔设备、液-液萃取、干燥及固体流态化等6章。
●
相关链接 在E读中查询图书 在五车中查询图书 在当当中查询图书 在豆瓣中查询图书


正题名:化工原理     索取号:TQ02/164:2         预约/预借

序号 登录号 条形码 馆藏地/架位号 状态 备注
1 0768443   207684433   第二样本阅览室/ [索取号:TQ02/164:2] 在馆    
唐山师范学院图书馆 欢迎您!
大连网信软件有限公司© 版权所有